Johnson and another v Davies and another (Record no. 49411)

MARC details
000 -LEADER
fixed length control field 01319cab a2200229 4500
001 - CONTROL NUMBER
control field ABS57011
008 - FIXED-LENGTH DATA ELEMENTS--GENERAL INFORMATION
fixed length control field 090401t1997 xxu||||| |||| 00| 0 eng d
035 ## - SYSTEM CONTROL NUMBER
System control number (Sirsi) u78552
041 ## - LANGUAGE CODE
Language code of text/sound track or separate title eng
245 ## - TITLE STATEMENT
Title Johnson and another v Davies and another
260 ## - PUBLICATION, DISTRIBUTION, ETC.
Date of publication, distribution, etc. 1997
350 ## - PRICE (NR) (BK AM CF MU VM SE) [OBSOLETE]
Price 0
490 ## - SERIES STATEMENT
Series statement Estates Gazette
Volume/sequential designation [1997] 19 EG 157-160(4)
520 ## - SUMMARY, ETC.
Summary, etc. ChD 5 December 1996. The plaintiffs (P) were principal shareholders in a company. P were sureties under a lease of commercial premises. P sold their shares to the 2 defendants and Mr Hopkins (H) and ceased to have any connection with the company. The company having failed to pay the rent, P satisfied the landlord`s claim, but sought reimbursement from the defendant`s under the terms of the the indemnification obligation in the share sale agreement. H entered into an insolvency voluntary agreement (IVA) which P voted in favour of. The defendant`s contended that by the IVA entered into by H they were released from their obligation to indemnify the P`s for any sums paid to the landlord. Judgement for the plaintiffs.
650 ## - SUBJECT ADDED ENTRY--TOPICAL TERM
Topical term or geographic name entry element INDEMNITY
650 ## - SUBJECT ADDED ENTRY--TOPICAL TERM
Topical term or geographic name entry element INSOLVENCY VOLUNTARY ARRANGEMENT
650 ## - SUBJECT ADDED ENTRY--TOPICAL TERM
Topical term or geographic name entry element SHARE SALE AGREEMENT
650 ## - SUBJECT ADDED ENTRY--TOPICAL TERM
Topical term or geographic name entry element SURETIES
690 ## - LOCAL SUBJECT ADDED ENTRY--TOPICAL TERM (OCLC, RLIN)
Topical term or geographic name as entry element LANDLORD AND TENANT-CASE LAW-BUSINESS TENANCIES
942 ## - ADDED ENTRY ELEMENTS (KOHA)
Suppress in OPAC 0
948 ## - LOCAL PROCESSING INFORMATION (OCLC); SERIES PART DESIGNATOR (RLIN)
c (OCLC) 27/05/1997
Holdings
Withdrawn status Lost status Source of classification or shelving scheme Damaged status Not for loan Home library Current library Shelving location Date acquired Total Checkouts Full call number Barcode Date last seen Copy number Price effective from Koha item type
    Dewey Decimal Classification     London London Journal article 14/09/1999   ABS57011 78552-1001 06/08/2019 1 06/08/2019 Law report